00987nam a2200277 a 4500001001500000003000900015005001700024008004100041040002800082041000800110050002300118245007600141246002000217260004400237300001700281500002600298526000800324590003500332650004100367650002800408700003400436710002800470942001200498952018200510999001700692BD-DhNSU-30978BD-DhNSU20260429151711.0260429s1992 bg ||||g vw|| 001 0|eng d aDLCcBD-DhNSUdBD-DhNSU aeng00aKNG19b.A2B36 199200aBangladesh legal decisions ,nVol. 12 /cedited by A.T.M. Kamrul Islam. aBLDbVolume XII aDhaka :bBangladesh Bar Council,c1992. avp ;c25 cm. aDec- 92 Reg. No.. 513 aLaw aSumaiya Kainat Bintey Kohinoor 0aLaw reports digests etczBangladesh. 4aLaw reports digests etc1 aIslam, A.T.M. Kamrul eeditor aBangladesh Bar Council. 2lcccBK 00102lcc40718REFaLCRbLCRcGENd2026-04-08eKarim InternationalfBDTg1116.00hvol-12iKI/NSU/L-77/25-26l0oKNG19.A2B36 1992p49263r2026-04-29 15:18:10t1w2026-03-09yBK c30978d30978